[Event "PLAYERS CUP 2009 <1600"]
[Site "SchemingMind.com"]
[Date "2009.01.11"]
[Round "-"]
[White "Gary"]
[Black "dtedesco"]
[Result "0-1"]
[WhiteCountry "ENG"]
[BlackCountry "CAN"]
[WhiteElo "1619"]
[WhiteRD "73"]
[BlackElo "1506"]
[BlackRD "60"]
[GameID "187393"]

1. e4 c5 2. Nf3 e6 3. d4 cxd4 4. Nxd4 Nf6 5. Nc3 a6 6. Be2 Nc6 7. O-O Qc7 8. Be3 Bb4 9. Qd3 O-O 10. a3 Ba5
11. b4 Bb6 12. Na4 Ba7 13. c4 b5 14. cxb5 axb5 15. Nxb5 Qe5 16. Nbc3 d5 17. f4 dxe4 18. Qc4 Bxe3+
0-1

[Event "PLAYERS CUP 2009 <1600"]
[Site "SchemingMind.com"]
[Date "2009.01.12"]
[Round "-"]
[White "dtedesco"]
[Black "Gary"]
[Result "0-1"]
[WhiteCountry "CAN"]
[BlackCountry "ENG"]
[WhiteElo "1530"]
[WhiteRD "66"]
[BlackElo "1408"]
[BlackRD "63"]
[GameID "187394"]

1. e4 c5 2. Nf3 d6 3. d4 cxd4 4. Nxd4 Nf6 5. Nc3 a6 6. Be3 e6 7. g4 Be7 8. Qd2 Nc6 9. f3 Bd7 10. O-O-O Qc7
11. Nb3 O-O-O 12. h4 h5 13. g5 Ne8 14. Qf2 f6 15. Bb6 Qb8 16. Na4 Nc7 17. Ba7 Qxa7 18. Rh2 Qxf2 19. Rxf2 fxg5 20. hxg5 Bxg5+
21. Kb1 Bf4 22. e5 Nxe5 23. Nb6+ Kb8 24. Rxd6 Bc6 25. Rxd8+ Rxd8 26. a3 Bb5 27. Bxb5 Nxb5 28. Nc5 Re8 29. a4 Nd4 30. Rg2 g5
31. Nd3 Nxd3 32. cxd3 Nxf3 33. Kc2 Ne1+ 34. Kc3 Nxg2 35. Nd7+ Kc7 36. Nf6 Rh8 37. d4 e5 38. Nd5+ Kd6 39. Kc4 Ne3+ 40. Nxe3 Bxe3
41. dxe5+ Kxe5
0-1

[Event "PLAYERS CUP 2009 <1600"]
[Site "SchemingMind.com"]
[Date "2009.01.18"]
[Round "-"]
[White "Belfagor"]
[Black "Gary"]
[Result "1/2-1/2"]
[WhiteCountry "ITA"]
[BlackCountry "ENG"]
[WhiteElo "1684"]
[WhiteRD "103"]
[BlackElo "1591"]
[BlackRD "63"]
[GameID "187729"]

1. e4 c5 2. c3 Nf6 3. e5 Nd5 4. d4 cxd4 5. Nf3 Nc6 6. cxd4 g6 7. Bc4 Nb6 8. Bb3 Bg7 9. O-O O-O 10. Nc3 d6
11. exd6 Qxd6 12. Be3 Na5 13. Bc2 Nac4 14. b3 Nxe3 15. fxe3 Re8 16. Rc1 Bg4 17. Ne4 Qd8 18. h3 Bd7 19. Nc5 Bc6 20. Ne5 Bxe5
21. dxe5 e6 22. Ne4 Bxe4 23. Bxe4 Qe7 24. Qf3 Rab8 25. Qf6 Nd5 26. Qf3=
1/2-1/2

[Event "PLAYERS CUP 2009 <1600"]
[Site "SchemingMind.com"]
[Date "2009.01.18"]
[Round "-"]
[White "Belfagor"]
[Black "dtedesco"]
[Result "1/2-1/2"]
[WhiteCountry "ITA"]
[BlackCountry "CAN"]
[WhiteElo "1684"]
[WhiteRD "103"]
[BlackElo "1539"]
[BlackRD "59"]
[GameID "187730"]

1. e4 c5 2. c3 Nf6 3. e5 Nd5 4. d4 cxd4 5. Nf3 Nc6 6. cxd4 d6 7. Bc4 e6 8. O-O Be7 9. Nc3 Nxc3 10. bxc3 Qc7
11. Qe2 d5 12. Bd3 a6 13. a4 O-O 14. Ba3 Bxa3 15. Rxa3 h6 16. Rc1 Ne7 17. c4 Bd7 18. Qc2 b6=
1/2-1/2

[Event "PLAYERS CUP 2009 <1600"]
[Site "SchemingMind.com"]
[Date "2009.01.17"]
[Round "-"]
[White "Gary"]
[Black "Belfagor"]
[Result "1/2-1/2"]
[WhiteCountry "ENG"]
[BlackCountry "ITA"]
[WhiteElo "1591"]
[WhiteRD "63"]
[BlackElo "1684"]
[BlackRD "103"]
[GameID "187731"]

1. e4 e6 2. d4 d5 3. e5 c5 4. c3 Qb6 5. Nf3 Bd7 6. Be2 Bb5 7. O-O Nc6 8. Re1 Bxe2 9. Rxe2 Nge7 10. Na3 cxd4
11. cxd4 Nf5 12. Nc2 Be7 13. g4 Nh4 14. Nxh4 Bxh4 15. f4 Be7 16. b3 Rc8 17. Bb2 Kd7 18. Ne3 h5 19. g5 g6 20. h4 Rc7=
1/2-1/2

[Event "PLAYERS CUP 2009 <1600"]
[Site "SchemingMind.com"]
[Date "2009.01.17"]
[Round "-"]
[White "dtedesco"]
[Black "Belfagor"]
[Result "0-1"]
[WhiteCountry "CAN"]
[BlackCountry "ITA"]
[WhiteElo "1539"]
[WhiteRD "59"]
[BlackElo "1684"]
[BlackRD "103"]
[GameID "187732"]

1. e4 d5 2. exd5 Nf6 3. Bb5+ Bd7 4. Bxd7+ Nbxd7 5. Nc3 Nb6 6. Qf3 Nbxd5 7. Nge2 e6 8. a3 Be7 9. Nf4 Nxf4 10. Qxb7 O-O
11. O-O N6d5 12. Nb5 a6 13. Nc3 Nxc3 14. dxc3 Ne2+ 15. Kh1 Nxc1 16. Raxc1 Qb8 17. Qxb8 Raxb8 18. b4 Bf6 19. Rcd1 Bxc3 20. Rd7 Be5
21. c4 Rbd8 22. Rxd8 Rxd8 23. g3 Rd3 24. Re1 Bd4 25. a4 Bxf2 26. Re2= Bd4 27. c5 Rb3
0-1

[Event "PLAYERS CUP 2009 <1600"]
[Site "SchemingMind.com"]
[Date "2009.01.24"]
[Round "-"]
[White "Zugzwang"]
[Black "Gary"]
[Result "1-0"]
[WhiteCountry "CAN"]
[BlackCountry "ENG"]
[WhiteElo "1433"]
[WhiteRD "59"]
[BlackElo "1488"]
[BlackRD "64"]
[GameID "188889"]

1. d4 f5 2. g3 Nf6 3. Bg2 e6 4. c4 Be7 5. Nc3 O-O 6. Nf3 c6 7. O-O d5 8. b3 Nbd7 9. Bb2 h6 10. Qd3 Qc7
11. Rfe1 g5 12. e3 Ne4 13. c5 h5 14. Nd2 g4 15. f3 Nxd2 16. Qxd2 h4 17. f4 hxg3 18. hxg3 Nf6 19. Re2 Kg7 20. e4 dxe4
21. Re3 Rh8 22. Kf2 Bd7 23. d5 exd5 24. Qd4 Kf7 25. Na4 Rh5 26. Rh1 Rah8 27. Rxh5
1-0

[Event "PLAYERS CUP 2009 <1600"]
[Site "SchemingMind.com"]
[Date "2009.01.23"]
[Round "-"]
[White "Zugzwang"]
[Black "Belfagor"]
[Result "0-1"]
[WhiteCountry "CAN"]
[BlackCountry "ITA"]
[WhiteElo "1437"]
[WhiteRD "56"]
[BlackElo "1684"]
[BlackRD "103"]
[GameID "188890"]

1. d4 d5 2. Nf3 Nf6 3. e3 e6 4. Bd3 c5 5. c3 Nc6 6. O-O Bd6 7. Nbd2 O-O 8. Qe2 e5 9. dxc5 Bxc5 10. e4 Bg4
11. exd5 Nxd5 12. Ne4 Be7 13. h3 Bxf3 14. Qxf3 f5 15. Ng3 e4 16. Nxe4 fxe4 17. Qxe4 Nf6 18. Bc4+ Kh8 19. Qe3 Rc8 20. Bd2 Nd5
21. Qg3 Nb6 22. Bb3 Qxd2 23. Rfe1 Bc5 24. Rf1 Qxb2 25. Kh1 Rxf2 26. Rae1 Rcf8
0-1

[Event "PLAYERS CUP 2009 <1600"]
[Site "SchemingMind.com"]
[Date "2009.01.23"]
[Round "-"]
[White "Zugzwang"]
[Black "dtedesco"]
[Result "0-1"]
[WhiteCountry "CAN"]
[BlackCountry "CAN"]
[WhiteElo "1437"]
[WhiteRD "56"]
[BlackElo "1539"]
[BlackRD "59"]
[GameID "188891"]

1. d4 Nf6 2. e3 d5 3. Nf3 e6 4. Bd3 c5 5. c3 Nc6 6. Nbd2 Bd6 7. O-O O-O 8. Qe2 e5 9. dxc5 Bxc5 10. e4 d4
11. Nb3 b6 12. Nxc5 bxc5 13. Bg5 a5 14. a4 Bd7 15. Rfe1 Re8 16. Nh4 h6 17. Bxf6 Qxf6 18. Nf3 Rab8 19. Bc4 Bg4 20. b3 Be6
21. Bxe6 Qxe6 22. cxd4 cxd4 23. Nd2 Nb4 24. Nc4 Rbc8 25. Red1 d3 26. Rxd3 Nxd3 27. Qxd3 Red8 28. Qg3 Rc5 29. h3 f6 30. f4 exf4
31. Qxf4 Rd3 32. Qb8+ Kf7 33. Rf1 Rg3 34. Qxg3 Rg5 35. Qc7+ Kg6 36. Nxa5 Qxh3 37. e5 Rxg2#
0-1

[Event "PLAYERS CUP 2009 <1600"]
[Site "SchemingMind.com"]
[Date "2009.01.24"]
[Round "-"]
[White "Gary"]
[Black "Zugzwang"]
[Result "0-1"]
[WhiteCountry "ENG"]
[BlackCountry "CAN"]
[WhiteElo "1591"]
[WhiteRD "63"]
[BlackElo "1437"]
[BlackRD "56"]
[GameID "188892"]

1. e4 e5 2. Nf3 Nf6 3. Nxe5 d6 4. Nf3 Nxe4 5. d4 d5 6. Bd3 Bd6 7. O-O O-O 8. c4 Bg4 9. Nc3 f5 10. Nxd5 Nd7
11. c5 Be7 12. Bc4 Kh8 13. Re1 Bf6 14. Ne3 Re8 15. h3 Bxf3 16. Qxf3 Nf8 17. Nxf5 Ng5 18. Qxb7 Rxe1+
0-1

[Event "PLAYERS CUP 2009 <1600"]
[Site "SchemingMind.com"]
[Date "2009.01.23"]
[Round "-"]
[White "Belfagor"]
[Black "Zugzwang"]
[Result "1-0"]
[WhiteCountry "ITA"]
[BlackCountry "CAN"]
[WhiteElo "1551"]
[WhiteRD "235"]
[BlackElo "1457"]
[BlackRD "60"]
[GameID "188893"]

1. e4 e5 2. Nf3 Nf6 3. Nxe5 d6 4. Nf3 Nxe4 5. d4 d5 6. Bd3 Bd6 7. O-O O-O 8. Nc3 Nxc3 9. bxc3 Bg4 10. h3 Bh5
11. g4 Bg6 12. Bg5 Be7 13. Bxe7 Qxe7 14. Re1 Qh4 15. Nxh4
1-0

[Event "PLAYERS CUP 2009 <1600"]
[Site "SchemingMind.com"]
[Date "2009.01.23"]
[Round "-"]
[White "dtedesco"]
[Black "Zugzwang"]
[Result "1-0"]
[WhiteCountry "CAN"]
[BlackCountry "CAN"]
[WhiteElo "1539"]
[WhiteRD "59"]
[BlackElo "1437"]
[BlackRD "56"]
[GameID "188894"]

1. c4 c5 2. Nc3 Nc6 3. Nf3 g6 4. g3 Bg7 5. Bg2 a6 6. O-O Rb8 7. d3 b5 8. Qb3 b4 9. Ne4 d6 10. Qa4 Qd7
11. Rb1 Nh6 12. Qd1 Nf5 13. b3 O-O 14. Bb2 Ncd4 15. e3 Nxf3+ 16. Bxf3 Bxb2 17. Rxb2 Bb7 18. Re1 d5 19. Nxc5 Qd8 20. Bxd5 Bxd5
21. e4 Bxe4 22. Rxe4 Nd6 23. Rd4 Qb6 24. Rd5 Rbd8 25. Ne4 Nxe4 26. dxe4 Rxd5 27. exd5 f5 28. Re2 Rf7 29. Re6 Qa5 30. Qc2 g5
31. Qd2 f4 32. d6 h6 33. d7 Rf8 34. Rxe7 Rd8 35. Qd4
1-0

[Event "PLAYERS CUP 2009 <1600"]
[Site "SchemingMind.com"]
[Date "2009.01.28"]
[Round "-"]
[White "Carl Lenox"]
[Black "Gary"]
[Result "1-0"]
[WhiteCountry "CAN"]
[BlackCountry "ENG"]
[WhiteElo "1336"]
[WhiteRD "66"]
[BlackElo "1488"]
[BlackRD "64"]
[GameID "189374"]

1. e4 c5 2. f4 d5 3. exd5 Qxd5 4. Nc3 Qd8 5. Ne4 e6 6. Nf3 Nf6 7. d3 Be7 8. b3 O-O 9. Bb2 b6 10. Qe2 Bb7
11. O-O-O Nbd7 12. h3 Rc8 13. g4 Nd5 14. h4 Nxf4 15. Qe3 Nd5 16. Qf2 N7f6 17. Kb1 Nf4 18. g5 N6d5 19. c4 Nb4 20. d4 Bxe4+
21. Kc1 Nbd3+ 22. Bxd3
1-0

[Event "PLAYERS CUP 2009 <1600"]
[Site "SchemingMind.com"]
[Date "2009.01.27"]
[Round "-"]
[White "Carl Lenox"]
[Black "Zugzwang"]
[Result "1-0"]
[WhiteCountry "CAN"]
[BlackCountry "CAN"]
[WhiteElo "1353"]
[WhiteRD "64"]
[BlackElo "1437"]
[BlackRD "56"]
[GameID "189375"]

1. e4 e5 2. Nf3 Nf6 3. Nxe5 d6 4. Nf3 Nxe4 5. d4 d5 6. Bd3 Bd6 7. O-O O-O 8. c4 Nf6 9. c5 Be7 10. Bg5 Bg4
11. Re1 Nbd7 12. Nc3 h6 13. Be3 Re8 14. Qd2 Bxf3 15. gxf3 Nf8 16. b4 Nh5 17. Ne2 Bh4 18. a4 Nh7 19. Kh1 Ng5 20. f4 Nf3
21. Qc3 Nxe1 22. Rxe1 Re6 23. f5 Rf6 24. Rg1 Qe7 25. Rg4 Bg5 26. Bxg5 hxg5 27. Rxg5 Rh6 28. Qd2 f6 29. Rg2 Re8 30. b5 c6
31. Qxh6 Qf7 32. a5 Kf8 33. Qd2 Qe7 34. a6 Rb8 35. Nf4 Qf7 36. Qe3 Re8 37. Qf3 Nxf4 38. Qxf4 Qh5 39. axb7 Qd1+ 40. Rg1 Qxd3
41. bxc6 Qb5 42. Qc7 a5 43. Qxg7#
1-0

[Event "PLAYERS CUP 2009 <1600"]
[Site "SchemingMind.com"]
[Date "2009.01.27"]
[Round "-"]
[White "Carl Lenox"]
[Black "Belfagor"]
[Result "0-1"]
[WhiteCountry "CAN"]
[BlackCountry "ITA"]
[WhiteElo "1353"]
[WhiteRD "64"]
[BlackElo "1684"]
[BlackRD "103"]
[GameID "189376"]

1. e4 Nf6 2. e5 Nd5 3. d4 d6 4. Nf3 dxe5 5. Nxe5 g6 6. Bc4 c6 7. O-O Bg7 8. Re1 O-O 9. Bb3 Nd7 10. Bg5 Nxe5
11. Nd2 Ng4 12. Nf3 Ngf6 13. c4 Nc7 14. c5 Bg4 15. Qd3 Bxf3 16. Qxf3 Re8 17. Rad1 Ncd5 18. Bc2 b6 19. a3 bxc5 20. dxc5 Qc7
21. b4 Rad8 22. Bd3 Nd7 23. b5 Ne5 24. Qg3 Nxd3 25. Qxd3 Nc3 26. Rd2 Rxd3
0-1

[Event "PLAYERS CUP 2009 <1600"]
[Site "SchemingMind.com"]
[Date "2009.01.27"]
[Round "-"]
[White "Carl Lenox"]
[Black "dtedesco"]
[Result "0-1"]
[WhiteCountry "CAN"]
[BlackCountry "CAN"]
[WhiteElo "1353"]
[WhiteRD "64"]
[BlackElo "1539"]
[BlackRD "59"]
[GameID "189377"]

1. e4 c5 2. Nc3 Nc6 3. f4 g6 4. Nf3 Bg7 5. g3 e5 6. Nd5 Nce7 7. Bc4 Nxd5 8. Bxd5 Ne7 9. Ng5 Nxd5 10. d3 Nc7
11. b3 d6 12. Qe2 Ne6 13. h4 exf4 14. gxf4 Nxf4 15. Qf3 Bxa1 16. Qxf4 O-O 17. c4 Be6 18. e5 dxe5 19. Qe4 Bf5 20. Qf3 Qa5+
21. Bd2 Bc3 22. Rh2 Qxa2 23. Qe3 Qb1+ 24. Kf2 Bd4
0-1

[Event "PLAYERS CUP 2009 <1600"]
[Site "SchemingMind.com"]
[Date "2009.01.28"]
[Round "-"]
[White "Gary"]
[Black "Carl Lenox"]
[Result "1-0"]
[WhiteCountry "ENG"]
[BlackCountry "CAN"]
[WhiteElo "1412"]
[WhiteRD "58"]
[BlackElo "1274"]
[BlackRD "66"]
[GameID "189378"]

1. e4 c5 2. Nf3 d6 3. d4 cxd4 4. Nxd4 e5 5. Nb3 Nf6 6. Nc3 Be6 7. Be2 g6 8. O-O Bg7 9. Be3 O-O 10. Qd2 Nc6
11. f4 Qd7 12. Rad1 a6 13. Qxd6 Qc8 14. Bb6 Ne8 15. Qd2 Ne7 16. Bd3 Qc6 17. Be3 Rd8 18. Qf2 b5 19. a3 Nf6 20. Nc5 Bg4
21. Be2 a5 22. Bxb5
1-0

[Event "PLAYERS CUP 2009 <1600"]
[Site "SchemingMind.com"]
[Date "2009.01.27"]
[Round "-"]
[White "Zugzwang"]
[Black "Carl Lenox"]
[Result "0-1"]
[WhiteCountry "CAN"]
[BlackCountry "CAN"]
[WhiteElo "1437"]
[WhiteRD "56"]
[BlackElo "1353"]
[BlackRD "64"]
[GameID "189379"]

1. d4 Nf6 2. Nf3 d5 3. e3 c6 4. Bd3 Bg4 5. c4 e6 6. Qb3 Qc7 7. Ne5 Bd6 8. cxd5 cxd5 9. Qa4+ Nbd7 10. Bb5 Qxc1+
11. Qd1 Bxd1 12. O-O Qxb2 13. Rxd1 Qxa1 14. f4 Rd8 15. Kf1 O-O 16. Ke2 Qxa2+ 17. Kf3 Qb3 18. Be2 b5 19. Nd2 Qc2 20. g4 Bb4
21. Nf1 Qe4+ 22. Kg3 Rc8 23. g5 Nh5+ 24. Bxh5 Nxe5 25. dxe5 Qc2 26. Rd4 Be1+ 27. Kh3 Qf2
0-1

[Event "PLAYERS CUP 2009 <1600"]
[Site "SchemingMind.com"]
[Date "2009.01.27"]
[Round "-"]
[White "Belfagor"]
[Black "Carl Lenox"]
[Result "1-0"]
[WhiteCountry "ITA"]
[BlackCountry "CAN"]
[WhiteElo "1745"]
[WhiteRD "97"]
[BlackElo "1336"]
[BlackRD "66"]
[GameID "189380"]

1. e4 e5 2. Nf3 Nc6 3. d4 exd4 4. Bc4 Nf6 5. e5 Ne4 6. Bd5 f5 7. exf6 Qxf6 8. Bxe4 Ne7 9. Qxd4 Qe6 10. O-O h6
11. Nc3 Rg8 12. Re1 d6 13. Bc6+ Nxc6 14. Rxe6+ Bxe6 15. Qe4 Nd8 16. Be3 c6 17. Re1 d5 18. Qg6+ Bf7 19. Bf4+ Be7 20. Qg3 Ne6
21. Bd6 Rd8 22. Bxe7 Kxe7 23. Nd4 Rge8 24. Qxg7 Kd7 25. Qxf7+ Re7 26. Qxe7+ Kxe7 27. Rxe6+ Kd7 28. Rxh6 Re8 29. Re6 Rd8 30. Re5 b5
31. Ncxb5 Rb8 32. Nxa7 Rxb2 33. h4 Rb1+ 34. Kh2 Kd6 35. Naxc6 Kc5 36. a4 Kd6 37. h5 Rf1 38. Re6+ Kc5 39. Rf6 Ra1 40. a5 Kc4
41. h6
1-0

[Event "PLAYERS CUP 2009 <1600"]
[Site "SchemingMind.com"]
[Date "2009.01.27"]
[Round "-"]
[White "dtedesco"]
[Black "Carl Lenox"]
[Result "1-0"]
[WhiteCountry "CAN"]
[BlackCountry "CAN"]
[WhiteElo "1539"]
[WhiteRD "59"]
[BlackElo "1353"]
[BlackRD "64"]
[GameID "189381"]

1. c4 Nf6 2. d4 g6 3. Nc3 d5 4. Bf4 Bg7 5. Nb5 Na6 6. Qa4 Bd7 7. Nf3 c6 8. Nc3 Nc7 9. g3 a6 10. Qa5 Rc8
11. Qb6 Rb8 12. Bxc7 Qc8 13. Bxb8 Qxb8 14. b3 O-O 15. Bg2 Qc8 16. O-O Be6 17. e3 Nd7 18. Qb4 Re8 19. Rac1 Bf5 20. cxd5 c5
21. dxc5 Nxc5 22. e4 Nd3 23. Qa5 Nxc1 24. Rxc1 Bg4 25. Ne2 Qd7 26. Rc7 Qd8 27. Qb6 e5 28. Qxb7 Qd6 29. Rxf7 Qa3 30. Rxg7+ Kh8
31. Rxh7+
1-0

[Event "PLAYERS CUP 2009 <1600"]
[Site "SchemingMind.com"]
[Date "2009.01.30"]
[Round "-"]
[White "maro"]
[Black "Gary"]
[Result "0-1"]
[WhiteCountry "MEX"]
[BlackCountry "ENG"]
[WhiteElo "1340"]
[WhiteRD "48"]
[BlackElo "1488"]
[BlackRD "64"]
[GameID "189681"]

1. e3 e5 2. Nc3 Nf6 3. h3 Be7 4. b3 O-O 5. Nf3 Nc6 6. Bb2 d5 7. d4 exd4 8. Nxd4 Nxd4 9. exd4 Bf5 10. Bd3 Ne4
11. Nxe4 Bxe4 12. Bxe4 dxe4 13. O-O Bf6 14. c3 Re8 15. Re1 Rc8 16. c4 c5 17. dxc5 Qxd1 18. Raxd1 Bxb2 19. b4 Ba3 20. Rb1 a5
21. bxa5 Bxc5
0-1

[Event "PLAYERS CUP 2009 <1600"]
[Site "SchemingMind.com"]
[Date "2009.01.31"]
[Round "-"]
[White "maro"]
[Black "Zugzwang"]
[Result "1-0"]
[WhiteCountry "MEX"]
[BlackCountry "CAN"]
[WhiteElo "1326"]
[WhiteRD "50"]
[BlackElo "1437"]
[BlackRD "56"]
[GameID "189682"]

1. e3 e5 2. Nc3 d5 3. Nf3 Nc6 4. g3 Nf6 5. b3 Bd6 6. Bg2 O-O 7. Bb2 Re8 8. d3 Bg4 9. Nb5 e4 10. Qe2 exf3
11. Bxf3 Bxf3 12. Qxf3 a6 13. Nxd6 Qxd6 14. a3 d4 15. O-O-O dxe3 16. fxe3 Re6 17. Rhe1 Rae8 18. e4 Re5 19. Bxe5 Nxe5 20. Qf5 Qxa3+
21. Kd2 Rd8 22. Qxe5 b6 23. Qxc7 Rd7 24. Qc8+ Qf8 25. Qxa6 h6 26. Qxb6 Qc8 27. e5 Nd5 28. Qb5 Nc7 29. Qc5 Rd5 30. Qe3 Nb5
31. c4 Na3 32. Ra1 Ra5 33. Rec1 Qa6 34. Re1 Qe6 35. Qd4 Qa6 36. Qd8+ Kh7 37. e6 fxe6 38. Qe7 Qb6 39. Rxe6 Qf2+ 40. Re2 Qd4
41. Ree1 Qf2+ 42. Re2 Qd4 43. Rf1 Qb2+ 44. Ke1 Qxb3 45. Qe4+ Kg8 46. Qe6+ Kh7= 47. Qe4+ Kg8 48. Qe8+ Kh7 49. Rf8
1-0

[Event "PLAYERS CUP 2009 <1600"]
[Site "SchemingMind.com"]
[Date "2009.01.30"]
[Round "-"]
[White "maro"]
[Black "Belfagor"]
[Result "0-1"]
[WhiteCountry "MEX"]
[BlackCountry "ITA"]
[WhiteElo "1326"]
[WhiteRD "50"]
[BlackElo "1684"]
[BlackRD "103"]
[GameID "189683"]

1. d4 Nf6 2. f3 d5 3. Bf4 c5 4. dxc5 Nc6 5. Nc3 d4 6. Nb5 Qa5+ 7. Bd2 Qxb5 8. e3 Qxc5 9. Bd3 e5 10. f4 dxe3
11. Bxe3 Qxe3+ 12. Ne2 Bg4 13. h3 Bxe2 14. Bxe2 Bc5 15. Rf1 Qg3+ 16. Rf2 Qxf2+ 17. Kd2 O-O-O+ 18. Kc3 Rxd1 19. Rxd1 Qxe2
0-1

[Event "PLAYERS CUP 2009 <1600"]
[Site "SchemingMind.com"]
[Date "2009.01.29"]
[Round "-"]
[White "maro"]
[Black "dtedesco"]
[Result "0-1"]
[WhiteCountry "MEX"]
[BlackCountry "CAN"]
[WhiteElo "1326"]
[WhiteRD "50"]
[BlackElo "1539"]
[BlackRD "59"]
[GameID "189684"]

1. e3 e5 2. Nc3 d5 3. b3 c6 4. Nf3 Bd6 5. g3 Bg4 6. Be2 Nf6 7. Bb2 Nbd7 8. h3 Bxf3 9. Bxf3 O-O 10. Qe2 Re8
11. O-O-O d4 12. exd4 exd4 13. Qd3 dxc3 14. Bxc3 Ba3+ 15. Bb2 Bxb2+ 16. Kxb2 Qc7 17. Qf5 Re5 18. Qf4 b5 19. d4 Nd5 20. Bxd5 cxd5
21. dxe5 Nxe5 22. Rxd5 f6 23. Rxb5 Rc8 24. Rc1 g5 25. Qxf6 Nd3+ 26. Kb1 h6 27. Qe6+ Kg7 28. Qd5 Nxc1 29. Kxc1 Qxc2#
0-1

[Event "PLAYERS CUP 2009 <1600"]
[Site "SchemingMind.com"]
[Date "2009.01.31"]
[Round "-"]
[White "maro"]
[Black "Carl Lenox"]
[Result "0-1"]
[WhiteCountry "MEX"]
[BlackCountry "CAN"]
[WhiteElo "1326"]
[WhiteRD "50"]
[BlackElo "1353"]
[BlackRD "64"]
[GameID "189685"]

1. b4 e5 2. c3 d5 3. Qa4+ Nc6 4. b5 Nce7 5. e3 Qd6 6. b6+ c6 7. bxa7 b5 8. Qa5 Qd7 9. Qb4 Rxa7 10. Ba3 Ra4
11. Qh4 Rxh4 12. g3 Ra4 13. Nf3 Nf6 14. Be2 Qh3 15. Bf1 Qf5 16. Nh4 Qd7 17. Nf3 g6 18. Be2 Qc7 19. O-O Bg7 20. Bb2 O-O
21. c4 dxc4 22. Bxe5 Qd7 23. Nc3 Ba6 24. Nxa4 bxa4 25. Rfd1 Qd5 26. Rac1 Ne4 27. Bxg7 Kxg7 28. Ne1 Bc8 29. Bxc4 Qf5 30. Kg2 Qxf2+
31. Kh1 Qf5 32. Bd3 c5 33. Rc4 Nf2+ 34. Kg1 Nxd3 35. Nxd3 Qxd3 36. Rxc5 Qe2 37. Rdc1 Bh3
0-1

[Event "PLAYERS CUP 2009 <1600"]
[Site "SchemingMind.com"]
[Date "2009.01.30"]
[Round "-"]
[White "Gary"]
[Black "maro"]
[Result "0-1"]
[WhiteCountry "ENG"]
[BlackCountry "MEX"]
[WhiteElo "1488"]
[WhiteRD "64"]
[BlackElo "1340"]
[BlackRD "48"]
[GameID "189686"]

1. e4 e5 2. Nf3 Bd6 3. Bc4 Nf6 4. O-O O-O 5. d3 g6 6. Nc3 b6 7. Bg5 Bb7 8. Qd2 Be7 9. Nxe5 d5 10. exd5 Qd6
11. d4 c5 12. Bf4 g5 13. Bxg5 cxd4 14. Qxd4 a6 15. Bxf6 Bxf6 16. f4 b5 17. Bb3 Nd7 18. Rae1 Rae8 19. Qa7 Nc5 20. Ne4 Nxe4
0-1

[Event "PLAYERS CUP 2009 <1600"]
[Site "SchemingMind.com"]
[Date "2009.01.31"]
[Round "-"]
[White "Zugzwang"]
[Black "maro"]
[Result "1-0"]
[WhiteCountry "CAN"]
[BlackCountry "MEX"]
[WhiteElo "1437"]
[WhiteRD "56"]
[BlackElo "1326"]
[BlackRD "50"]
[GameID "189687"]

1. d4 d5 2. Nf3 f6 3. e3 Bd7 4. Bd3 Nc6 5. O-O g5 6. Nxg5 e6 7. e4 fxg5 8. Qh5+ Ke7 9. Bxg5+ Nf6 10. e5 Be8
11. Bxf6+ Kd7 12. Qh4 Be7 13. Bxe7 Nxe7 14. Nc3 Ng6 15. Qxd8+ Rxd8 16. Bxg6 Bxg6 17. Rac1 Rdf8 18. f4 Rf5 19. g4 Rf7 20. Na4 Rhf8
21. Nc5+ Kc8 22. Nxe6 Re8 23. f5 Bxf5 24. Rxf5
1-0

[Event "PLAYERS CUP 2009 <1600"]
[Site "SchemingMind.com"]
[Date "2009.01.30"]
[Round "-"]
[White "Belfagor"]
[Black "maro"]
[Result "1-0"]
[WhiteCountry "ITA"]
[BlackCountry "MEX"]
[WhiteElo "1684"]
[WhiteRD "103"]
[BlackElo "1326"]
[BlackRD "50"]
[GameID "189688"]

1. e4 d5 2. exd5 Qxd5 3. Nc3 Qe5+ 4. Be2 Nh6 5. Nf3 Qd6 6. d4 c6 7. O-O c5 8. Ne4 Qc7 9. Nxc5 e6 10. Bb5+ Bd7
11. Nxd7 Nxd7 12. Ne5 O-O-O 13. Bxd7+ Kb8 14. Bf4 Bd6 15. Ba4 f6 16. Bxh6 gxh6 17. Nf3 Rhg8 18. Bb3 Rg6 19. Bxe6 Re8 20. d5 h5
21. c4 Qxc4 22. Bf7 Reg8 23. Bxg8 Rxg8 24. Qd4 Qe2 25. Qxf6 Bc5 26. Qe6 Qxf3 27. Qxg8+ Qf8 28. Qxf8+ Bxf8 29. Rac1
1-0

[Event "PLAYERS CUP 2009 <1600"]
[Site "SchemingMind.com"]
[Date "2009.01.29"]
[Round "-"]
[White "dtedesco"]
[Black "maro"]
[Result "1-0"]
[WhiteCountry "CAN"]
[BlackCountry "MEX"]
[WhiteElo "1539"]
[WhiteRD "59"]
[BlackElo "1326"]
[BlackRD "50"]
[GameID "189689"]

1. c4 d5 2. d4 dxc4 3. Nf3 f6 4. e4 e6 5. Bxc4 Qd6 6. O-O Nc6 7. Nc3 Nge7 8. Nb5 Qb4 9. b3 Ng6 10. Nxc7+ Kd8
11. Nxa8 a6 12. d5 Qc3 13. dxe6+ Bd6 14. Qxd6+ Bd7 15. Qxd7#
1-0

[Event "PLAYERS CUP 2009 <1600"]
[Site "SchemingMind.com"]
[Date "2009.01.31"]
[Round "-"]
[White "Carl Lenox"]
[Black "maro"]
[Result "0-1"]
[WhiteCountry "CAN"]
[BlackCountry "MEX"]
[WhiteElo "1353"]
[WhiteRD "64"]
[BlackElo "1326"]
[BlackRD "50"]
[GameID "189690"]

1. e4 e5 2. Nf3 Nc6 3. Bb5 a6 4. Ba4 b5 5. Bb3 Bb7 6. O-O Nd4 7. Nxe5 Bxe4 8. Nxf7 Qf6 9. Nxh8 Nf3+ 10. Kh1 Nh4
11. Bxg8 Bxg2+ 12. Kg1 Nf3+ 13. Kxg2 Nh4+ 14. Kg1 Qg5+
0-1

[Event "PLAYERS CUP 2009 <1600"]
[Site "SchemingMind.com"]
[Date "2009.02.04"]
[Round "-"]
[White "lame wolf"]
[Black "Gary"]
[Result "0-1"]
[WhiteCountry "INT"]
[BlackCountry "ENG"]
[WhiteElo "1061"]
[WhiteRD "48"]
[BlackElo "1591"]
[BlackRD "63"]
[GameID "190124"]

1. g3 e5 2. Bg2 Nf6 3. d4 exd4 4. Qxd4 Be7 5. e4 Nc6 6. Qd1 O-O 7. Be3 d6 8. Qd2 Be6 9. Ne2 Qd7 10. f3 Rad8
11. Nbc3 d5 12. e5 Ne8 13. f4 f6 14. h3 fxe5 15. g4 d4 16. Bxc6 Qxc6 17. Bxd4 Qxh1+ 18. Bg1 Rxd2
0-1

[Event "PLAYERS CUP 2009 <1600"]
[Site "SchemingMind.com"]
[Date "2009.02.02"]
[Round "-"]
[White "lame wolf"]
[Black "Zugzwang"]
[Result "0-1"]
[WhiteCountry "INT"]
[BlackCountry "CAN"]
[WhiteElo "1061"]
[WhiteRD "48"]
[BlackElo "1437"]
[BlackRD "56"]
[GameID "190125"]

1. g3 e5 2. d4 exd4 3. Qxd4 Nc6 4. Qd1 Bc5 5. Bg2 Nf6 6. e3 O-O 7. Bxc6 dxc6 8. Nd2 Qd5 9. Qf3 Qxf3 10. Ngxf3 Re8
11. Nb3 Bg4 12. O-O Bxf3 13. Nxc5 b6 14. Nd3 Ne4 15. Ne1 Bh5 16. f3 Nf6 17. e4 Rad8 18. g4 Bxg4 19. fxg4 Rxe4 20. Bg5 Rxg4+
21. Ng2 Rxg5 22. Rad1 Rxd1 23. Rxd1 h6 24. Rd8+ Kh7 25. Kf2 Ng4+ 26. Ke2 Nxh2 27. Nf4 Re5+ 28. Kd3 g5 29. Rd7 gxf4 30. Rxf7+ Kg6
31. Rxc7 f3 32. Rxc6+ Kf5 33. Rxh6 f2
0-1

[Event "PLAYERS CUP 2009 <1600"]
[Site "SchemingMind.com"]
[Date "2009.02.02"]
[Round "-"]
[White "lame wolf"]
[Black "Belfagor"]
[Result "0-1"]
[WhiteCountry "INT"]
[BlackCountry "ITA"]
[WhiteElo "1061"]
[WhiteRD "48"]
[BlackElo "1684"]
[BlackRD "103"]
[GameID "190126"]

1. g3 d5 2. d4 c5 3. dxc5 e5 4. e4 d4 5. Bd3 Bxc5 6. f4 Nc6 7. f5 Bd7 8. Nf3 Qc7 9. g4 O-O-O 10. Nbd2 f6
11. g5 Kb8 12. Nb3 Bb4+ 13. Bd2 Bxd2+ 14. Nbxd2 Nge7 15. gxf6 gxf6 16. Qe2 Nb4 17. Qd1 Nxd3+ 18. Ke2 Nf4+ 19. Kf2 Rc8 20. c3 dxc3
21. bxc3 Qxc3 22. Rc1 Qxc1 23. Qxc1 Rxc1 24. Rxc1 Nd3+
0-1